Belle : the mysterious message / (Registro nro. 4526)

Detalles MARC
000 -LEADER
fixed length control field 00720nam a2200289Ia 4500
003 - CONTROL NUMBER IDENTIFIER
control field OSt
005 - DATE AND TIME OF LATEST TRANSACTION
control field 20200529151434.0
008 - FIXED-LENGTH DATA ELEMENTS--GENERAL INFORMATION
fixed length control field 191128s9999 xx 000 0 und d
020 ## - INTERNATIONAL STANDARD BOOK NUMBER
International Standard Book Number 9781423129776
040 ## - CATALOGING SOURCE
Original cataloging agency CO-JMCR
Transcribing agency CO-JMCR
041 ## - LANGUAGE CODE
Language code of text/sound track or separate title eng
082 04 - DEWEY DECIMAL CLASSIFICATION NUMBER
Classification number C /
Item number RICb
100 ## - MAIN ENTRY--PERSONAL NAME
Personal name Richards, Kitty,
Relator term autora
9 (RLIN) 4865
245 #0 - TITLE STATEMENT
Title Belle : the mysterious message /
245 #0 - TITLE STATEMENT
Statement of responsibility, etc. by Kitty Richards
250 ## - EDITION STATEMENT
Edition statement First edition
260 ## - PUBLICATION, DISTRIBUTION, ETC.
Place of publication, distribution, etc. Nueva York
260 ## - PUBLICATION, DISTRIBUTION, ETC.
Name of publisher, distributor, etc. Disney Press,
260 ## - PUBLICATION, DISTRIBUTION, ETC.
Date of publication, distribution, etc. 2010
300 ## - PHYSICAL DESCRIPTION
Extent 89 páginas
300 ## - PHYSICAL DESCRIPTION
Other physical details ilustraciones a color
300 ## - PHYSICAL DESCRIPTION
Dimensions 19 cm
440 ## - SERIES STATEMENT/ADDED ENTRY--TITLE
Title Disney princess
9 (RLIN) 4866
546 ## - LANGUAGE NOTE
Language note Inglés
650 ## - SUBJECT ADDED ENTRY--TOPICAL TERM
Topical term or geographic name entry element Cuentos en inglés
9 (RLIN) 4867
942 ## - ADDED ENTRY ELEMENTS (KOHA)
Source of classification or shelving scheme Dewey Decimal Classification
Koha item type Books
Existencias
Withdrawn status Lost status Source of classification or shelving scheme Damaged status Not for loan Collection code Home library Current library Date acquired Source of acquisition Cost, normal purchase price Total Checkouts Total Renewals Full call number Barcode Date last seen Date last checked out Copy number Koha item type
    Dewey Decimal Classification     Fiction Biblioteca Pública José María del Castillo y Rada Biblioteca Pública José María del Castillo y Rada 11/28/2019 Donación 0.00 12 1 C / RICb 201809395 03/31/2026 03/31/2026 Ej.1 Books